Normal view
MARC view
- W. Drechsler M.E. Mayer
Entry Personal Name
001 - CONTROL NUMBER
- control field: 20437
003 - CONTROL NUMBER IDENTIFIER
- control field: NUST
005 - DATE AND TIME OF LATEST TRANSACTION
- control field: 20190913055224.0
008 - FIXED-LENGTH DATA ELEMENTS
- fixed length control field: 190913|| aca||aabn | a|a d
040 ## - CATALOGING SOURCE
- Original cataloging agency: NUST
- Transcribing agency: NUST
100 ## - HEADING--PERSONAL NAME
- Personal name: W. Drechsler M.E. Mayer
670 ## - SOURCE DATA FOUND
- Source citation: Work cat.: (NUST): W. Drechsler M.E. Mayer , Lecture Notes in Physics , 1977
